[Event "European Chess Club Cup 2023"]
[Site "Durres, Albania"]
[Date "2023.10.03"]
[Round "3.55"]
[White "Dardha, Daniel"]
[Black "Wedberg, Tom"]
[Result "1-0"]
[TimeControl "90' + 30' & 30\""]
[WhiteElo "2580"]
[BlackElo "2377"]

1. e4 {[%clk 01:30:51]} {[%emt 00:00:08]} e5 {[%clk 01:29:47]} {[%emt
00:01:15]} 2. Nf3 {[%clk 01:31:15]} {[%emt 00:00:06]} Nc6 {[%clk 01:30:10]}
{[%emt 00:00:06]} 3. Bc4 {[%clk 01:31:38]} {[%emt 00:00:06]} Nf6 {[%clk
01:30:31]} {[%emt 00:00:10]} 4. d3 {[%clk 01:32:02]} {[%emt 00:00:06]} h6
{[%clk 01:30:28]} {[%emt 00:00:33]} 5. Nc3 {[%clk 01:30:32]} {[%emt 00:02:00]}
d6 {[%clk 01:27:35]} {[%emt 00:03:23]} 6. a4 {[%clk 01:30:48]} {[%emt
00:00:14]} g6 {[%clk 01:25:58]} {[%emt 00:02:07]} 7. h3 {[%clk 01:24:17]}
{[%emt 00:07:01]} Bg7 {[%clk 01:22:32]} {[%emt 00:03:56]} 8. a5 {[%clk
01:23:35]} {[%emt 00:01:13]} a6 {[%clk 01:03:10]} {[%emt 00:19:52]} 9. Be3
{[%clk 01:23:43]} {[%emt 00:00:21]} O-O {[%clk 00:59:07]} {[%emt 00:04:32]} 10.
O-O {[%clk 01:22:30]} {[%emt 00:01:43]} Be6 {[%clk 00:55:04]} {[%emt 00:04:34]}
11. Bxe6 {[%clk 01:18:21]} {[%emt 00:04:40]} fxe6 {[%clk 00:55:28]} {[%emt
00:00:06]} 12. Ne2 {[%clk 01:17:49]} {[%emt 00:01:01]} Nh5 {[%clk 00:51:42]}
{[%emt 00:04:15]} 13. c3 {[%clk 01:09:34]} {[%emt 00:08:46]} Nf4 {[%clk
00:40:05]} {[%emt 00:12:07]} 14. Bxf4 {[%clk 01:00:47]} {[%emt 00:09:17]} exf4
{[%clk 00:40:22]} {[%emt 00:00:13]} 15. d4 {[%clk 01:00:05]} {[%emt 00:01:12]}
Qd7 {[%clk 00:36:55]} {[%emt 00:03:57]} 16. Nc1 {[%clk 00:53:50]} {[%emt
00:06:45]} Kh8 {[%clk 00:34:40]} {[%emt 00:02:45]} 17. Nd3 {[%clk 00:53:21]}
{[%emt 00:00:59]} Qf7 {[%clk 00:30:03]} {[%emt 00:05:07]} 18. Re1 {[%clk
00:48:59]} {[%emt 00:04:51]} g5 {[%clk 00:26:50]} {[%emt 00:03:44]} 19. Qb3
{[%clk 00:45:42]} {[%emt 00:03:46]} Nd8 {[%clk 00:19:57]} {[%emt 00:07:24]} 20.
e5 {[%clk 00:39:04]} {[%emt 00:07:08]} Rg8 {[%clk 00:16:20]} {[%emt 00:04:07]}
21. d5 {[%clk 00:33:44]} {[%emt 00:05:49]} exd5 {[%clk 00:16:03]} {[%emt
00:00:47]} 22. Rad1 {[%clk 00:28:05]} {[%emt 00:06:09]} Re8 {[%clk 00:07:58]}
{[%emt 00:08:36]} 23. exd6 {[%clk 00:23:33]} {[%emt 00:05:02]} Rxe1+ {[%clk
00:08:06]} {[%emt 00:00:22]} 24. Ndxe1 {[%clk 00:16:33]} {[%emt 00:07:30]} cxd6
{[%clk 00:08:05]} {[%emt 00:00:32]} 25. Rxd5 {[%clk 00:16:35]} {[%emt
00:00:28]} Nc6 {[%clk 00:07:30]} {[%emt 00:01:04]} 26. Qd1 {[%clk 00:16:24]}
{[%emt 00:00:41]} Bf8 {[%clk 00:07:07]} {[%emt 00:00:53]} 27. Nc2 {[%clk
00:14:15]} {[%emt 00:02:38]} Re8 {[%clk 00:07:10]} {[%emt 00:00:28]} 28. c4
{[%clk 00:13:53]} {[%emt 00:00:53]} Ne5 {[%clk 00:05:07]} {[%emt 00:02:32]} 29.
b3 {[%clk 00:11:44]} {[%emt 00:02:39]} Nxf3+ {[%clk 00:03:27]} {[%emt
00:02:10]} 30. gxf3 {[%clk 00:08:52]} {[%emt 00:03:22]} Qe6 {[%clk 00:03:30]}
{[%emt 00:00:27]} 31. Kg2 {[%clk 00:09:10]} {[%emt 00:00:11]} Qe2 {[%clk
00:03:34]} {[%emt 00:00:27]} 32. Qc1 {[%clk 00:07:08]} {[%emt 00:02:32]} Kg8
{[%clk 00:03:13]} {[%emt 00:00:51]} 33. Nd4 {[%clk 00:06:12]} {[%emt 00:01:26]}
Qd3 {[%clk 00:02:44]} {[%emt 00:00:59]} 34. Ne6 {[%clk 00:03:46]} {[%emt
00:02:55]} Qg6 {[%clk 00:01:14]} {[%emt 00:02:01]} 35. Nxf8 {[%clk 00:03:52]}
{[%emt 00:00:24]} Rxf8 {[%clk 00:01:37]} {[%emt 00:00:07]} 36. Qd2 {[%clk
00:04:10]} {[%emt 00:00:11]} Rf6 {[%clk 00:02:00]} {[%emt 00:00:07]} 37. Qb4
{[%clk 00:04:26]} {[%emt 00:00:15]} Qf7 {[%clk 00:01:04]} {[%emt 00:01:26]} 38.
Rxd6 {[%clk 00:03:56]} {[%emt 00:01:00]} Rxd6 {[%clk 00:01:23]} {[%emt
00:00:12]} 39. Qxd6 {[%clk 00:04:20]} {[%emt 00:00:05]} Kg7 {[%clk 00:01:42]}
{[%emt 00:00:10]} 40. Qd4+ {[%clk 00:04:29]} {[%emt 00:00:21]} Kh7 {[%clk
00:01:57]} {[%emt 00:00:16]} 41. b4 {[%clk 00:04:15]} {[%emt 00:00:44]} Qc7
{[%clk 00:30:07]} {[%emt 00:02:20]} 42. Qb6 {[%clk 00:33:55]} {[%emt 00:00:50]}
1-0

[Event "European Chess Club Cup 2023"]
[Site "Durres, Albania"]
[Date "2023.10.03"]
[Round "3.56"]
[White "Engqvist, Thomas"]
[Black "Lagarde, Maxime"]
[Result "0-1"]
[TimeControl "90' + 30' & 30\""]
[WhiteElo "2338"]
[BlackElo "2626"]

1. Nf3 {[%clk 01:30:12]} {[%emt 00:00:47]} Nf6 {[%clk 01:30:26]} {[%emt
00:00:34]} 2. d4 {[%clk 01:30:09]} {[%emt 00:00:33]} e6 {[%clk 01:29:54]}
{[%emt 00:01:02]} 3. c4 {[%clk 01:30:25]} {[%emt 00:00:13]} d5 {[%clk
01:30:20]} {[%emt 00:00:05]} 4. Nc3 {[%clk 01:30:29]} {[%emt 00:00:26]} dxc4
{[%clk 01:30:43]} {[%emt 00:00:08]} 5. Qa4+ {[%clk 01:30:51]} {[%emt 00:00:07]}
c6 {[%clk 01:27:48]} {[%emt 00:03:26]} 6. Qxc4 {[%clk 01:31:14]} {[%emt
00:00:06]} b5 {[%clk 01:28:15]} {[%emt 00:00:04]} 7. Qb3 {[%clk 01:30:53]}
{[%emt 00:00:51]} a6 {[%clk 01:27:10]} {[%emt 00:01:35]} 8. Qc2 {[%clk
01:24:26]} {[%emt 00:06:55]} Bb7 {[%clk 01:25:43]} {[%emt 00:01:58]} 9. Bg5
{[%clk 01:14:26]} {[%emt 00:10:30]} Nbd7 {[%clk 01:24:24]} {[%emt 00:01:49]} 10.
e3 {[%clk 01:04:52]} {[%emt 00:10:04]} c5 {[%clk 01:22:14]} {[%emt 00:02:40]}
11. Be2 {[%clk 00:55:14]} {[%emt 00:10:08]} cxd4 {[%clk 01:20:13]} {[%emt
00:02:32]} 12. exd4 {[%clk 00:55:36]} {[%emt 00:00:06]} Rc8 {[%clk 01:17:11]}
{[%emt 00:03:33]} 13. Qd3 {[%clk 00:55:33]} {[%emt 00:00:32]} Be7 {[%clk
01:15:30]} {[%emt 00:02:13]} 14. O-O {[%clk 00:55:46]} {[%emt 00:00:16]} h6
{[%clk 01:12:38]} {[%emt 00:03:22]} 15. Bh4 {[%clk 00:53:18]} {[%emt 00:02:57]}
O-O {[%clk 01:07:03]} {[%emt 00:06:06]} 16. a3 {[%clk 00:39:26]} {[%emt
00:14:22]} Nb6 {[%clk 01:01:10]} {[%emt 00:06:24]} 17. Ne5 {[%clk 00:35:09]}
{[%emt 00:04:46]} Nfd7 {[%clk 01:00:24]} {[%emt 00:01:17]} 18. Nxd7 {[%clk
00:31:16]} {[%emt 00:04:22]} Qxd7 {[%clk 01:00:29]} {[%emt 00:00:25]} 19. Bxe7
{[%clk 00:31:39]} {[%emt 00:00:07]} Qxe7 {[%clk 01:00:56]} {[%emt 00:00:03]} 20.
Qe3 {[%clk 00:20:41]} {[%emt 00:11:27]} Rc7 {[%clk 00:56:18]} {[%emt 00:05:10]}
21. Rfd1 {[%clk 00:20:07]} {[%emt 00:01:01]} Rfc8 {[%clk 00:55:50]} {[%emt
00:01:00]} 22. Rd2 {[%clk 00:19:32]} {[%emt 00:01:04]} Qg5 {[%clk 00:51:29]}
{[%emt 00:04:52]} 23. Qxg5 {[%clk 00:17:53]} {[%emt 00:02:08]} hxg5 {[%clk
00:51:56]} {[%emt 00:00:05]} 24. f3 {[%clk 00:17:52]} {[%emt 00:00:30]} f5
{[%clk 00:51:07]} {[%emt 00:01:20]} 25. Kf2 {[%clk 00:17:16]} {[%emt 00:01:06]}
Kf7 {[%clk 00:51:16]} {[%emt 00:00:21]} 26. Bf1 {[%clk 00:15:04]} {[%emt
00:02:41]} Rh8 {[%clk 00:47:43]} {[%emt 00:04:04]} 27. h3 {[%clk 00:15:28]}
{[%emt 00:00:05]} Rd8 {[%clk 00:47:48]} {[%emt 00:00:26]} 28. Rad1 {[%clk
00:15:43]} {[%emt 00:00:13]} Rcd7 {[%clk 00:47:11]} {[%emt 00:01:08]} 29. Ke1
{[%clk 00:16:05]} {[%emt 00:00:07]} Bd5 {[%clk 00:45:34]} {[%emt 00:02:08]} 30.
Nxd5 {[%clk 00:15:32]} {[%emt 00:01:02]} Nxd5 {[%clk 00:45:59]} {[%emt
00:00:07]} 31. Rc1 {[%clk 00:14:10]} {[%emt 00:01:52]} Ne7 {[%clk 00:42:03]}
{[%emt 00:04:26]} 32. a4 {[%clk 00:11:29]} {[%emt 00:03:10]} Rxd4 {[%clk
00:42:10]} {[%emt 00:00:23]} 33. Rxd4 {[%clk 00:11:52]} {[%emt 00:00:07]} Rxd4
{[%clk 00:42:37]} {[%emt 00:00:04]} 34. axb5 {[%clk 00:11:48]} {[%emt
00:00:33]} axb5 {[%clk 00:43:03]} {[%emt 00:00:05]} 35. Rc5 {[%clk 00:11:14]}
{[%emt 00:01:04]} b4 {[%clk 00:42:25]} {[%emt 00:01:07]} 36. b3 {[%clk
00:09:35]} {[%emt 00:02:09]} Rd6 {[%clk 00:29:01]} {[%emt 00:13:54]} 37. Bc4
{[%clk 00:07:52]} {[%emt 00:02:13]} Rb6 {[%clk 00:29:10]} {[%emt 00:00:22]} 38.
Kf2 {[%clk 00:07:48]} {[%emt 00:00:33]} Kf6 {[%clk 00:29:30]} {[%emt 00:00:10]}
39. Ke3 {[%clk 00:07:26]} {[%emt 00:00:51]} f4+ {[%clk 00:24:22]} {[%emt
00:05:40]} 40. Kf2 {[%clk 00:06:39]} {[%emt 00:01:17]} Nf5 {[%clk 00:21:58]}
{[%emt 00:02:54]} 41. Bd3 {[%clk 00:06:38]} {[%emt 00:00:29]} Ne3 {[%clk
00:20:07]} {[%emt 00:02:22]} 42. Bc4 {[%clk 00:04:13]} {[%emt 00:02:55]} Rd6
{[%clk 00:19:25]} {[%emt 00:01:12]} 43. Ke2 {[%clk 00:04:20]} {[%emt 00:00:24]}
Nd1 {[%clk 00:10:56]} {[%emt 00:08:59]} 44. Bd3 {[%clk 00:03:09]} {[%emt
00:01:41]} Nc3+ {[%clk 00:10:52]} {[%emt 00:00:33]} 45. Kd2 {[%clk 00:03:35]}
{[%emt 00:00:05]} Nd5 {[%clk 00:06:00]} {[%emt 00:05:22]} 46. Ra5 {[%clk
00:02:13]} {[%emt 00:01:51]} Ne3 {[%clk 00:04:19]} {[%emt 00:02:11]} 47. Ke2
{[%clk 00:02:25]} {[%emt 00:00:19]} Nxg2 {[%clk 00:26:32]} {[%emt 00:08:18]} 48.
Rb5 {[%clk 00:32:13]} {[%emt 00:00:41]} Nh4 {[%clk 00:26:26]} {[%emt 00:00:36]}
49. Bc4 {[%clk 00:31:38]} {[%emt 00:01:05]} Ra6 {[%clk 00:24:57]} {[%emt
00:01:58]} 50. Rxb4 {[%clk 00:32:03]} {[%emt 00:00:06]} Ra2+ {[%clk 00:25:24]}
{[%emt 00:00:03]} 51. Kd3 {[%clk 00:32:28]} {[%emt 00:00:05]} Nxf3 {[%clk
00:25:21]} {[%emt 00:00:32]} 52. Rb6 {[%clk 00:32:09]} {[%emt 00:00:49]} Ne5+
{[%clk 00:24:39]} {[%emt 00:01:13]} 53. Ke4 {[%clk 00:32:15]} {[%emt 00:00:24]}
Nxc4 {[%clk 00:24:56]} {[%emt 00:00:13]} 54. bxc4 {[%clk 00:32:42]} {[%emt
00:00:03]} Ra3 {[%clk 00:23:42]} {[%emt 00:01:44]} 55. c5 {[%clk 00:33:05]}
{[%emt 00:00:07]} Rxh3 {[%clk 00:23:45]} {[%emt 00:00:28]} 56. c6 {[%clk
00:33:26]} {[%emt 00:00:08]} Rc3 {[%clk 00:23:51]} {[%emt 00:00:23]} 57. Kd4
{[%clk 00:33:42]} {[%emt 00:00:15]} Rc1 {[%clk 00:23:53]} {[%emt 00:00:27]} 58.
Ra6 {[%clk 00:34:08]} {[%emt 00:00:04]} g4 {[%clk 00:23:58]} {[%emt 00:00:26]}
0-1

[Event "European Chess Club Cup 2023"]
[Site "Durres, Albania"]
[Date "2023.10.03"]
[Round "3.57"]
[White "Droin, Augustin"]
[Black "Cramling, Dan"]
[Result "1-0"]
[TimeControl "90' + 30' & 30\""]
[WhiteElo "2468"]
[BlackElo "2298"]

1. e4 {[%clk 01:30:57]} {[%emt 00:00:03]} Nf6 {[%clk 01:29:02]} {[%emt
00:01:58]} 2. e5 {[%clk 01:31:13]} {[%emt 00:00:14]} Nd5 {[%clk 01:29:21]}
{[%emt 00:00:10]} 3. d4 {[%clk 01:31:28]} {[%emt 00:00:15]} d6 {[%clk
01:29:36]} {[%emt 00:00:15]} 4. Nf3 {[%clk 01:31:53]} {[%emt 00:00:05]} g6
{[%clk 01:28:57]} {[%emt 00:01:09]} 5. Bc4 {[%clk 01:32:15]} {[%emt 00:00:09]}
Nb6 {[%clk 01:29:02]} {[%emt 00:00:24]} 6. Bb3 {[%clk 01:32:40]} {[%emt
00:00:06]} Bg7 {[%clk 01:28:47]} {[%emt 00:00:44]} 7. Ng5 {[%clk 01:32:40]}
{[%emt 00:00:30]} e6 {[%clk 01:28:24]} {[%emt 00:00:53]} 8. Qf3 {[%clk
01:33:05]} {[%emt 00:00:05]} Qe7 {[%clk 01:27:53]} {[%emt 00:01:02]} 9. Ne4
{[%clk 01:33:13]} {[%emt 00:00:22]} dxe5 {[%clk 01:27:55]} {[%emt 00:00:28]} 10.
dxe5 {[%clk 01:33:32]} {[%emt 00:00:11]} h6 {[%clk 01:28:10]} {[%emt 00:00:15]}
11. Nf6+ {[%clk 01:33:54]} {[%emt 00:00:07]} Kf8 {[%clk 01:28:31]} {[%emt
00:00:09]} 12. Qc3 {[%clk 01:34:12]} {[%emt 00:00:13]} N6d7 {[%clk 01:28:40]}
{[%emt 00:00:21]} 13. Nxd7+ {[%clk 01:34:26]} {[%emt 00:00:16]} Bxd7 {[%clk
01:18:49]} {[%emt 00:10:20]} 14. Be3 {[%clk 01:32:00]} {[%emt 00:02:56]} b6
{[%clk 01:13:59]} {[%emt 00:05:20]} 15. O-O {[%clk 01:28:53]} {[%emt 00:03:38]}
Bb5 {[%clk 00:49:30]} {[%emt 00:24:59]} 16. Rd1 {[%clk 01:27:00]} {[%emt
00:02:23]} Nc6 {[%clk 00:48:26]} {[%emt 00:01:34]} 17. f4 {[%clk 01:24:27]}
{[%emt 00:03:03]} Na5 {[%clk 00:44:11]} {[%emt 00:04:44]} 18. a4 {[%clk
01:20:02]} {[%emt 00:04:56]} Bc6 {[%clk 00:35:04]} {[%emt 00:09:37]} 19. Bc4
{[%clk 01:17:19]} {[%emt 00:03:14]} Nxc4 {[%clk 00:31:03]} {[%emt 00:04:30]} 20.
Qxc4 {[%clk 01:17:45]} {[%emt 00:00:04]} Bd5 {[%clk 00:31:16]} {[%emt
00:00:14]} 21. Qa6 {[%clk 01:16:39]} {[%emt 00:01:39]} Qb4 {[%clk 00:29:28]}
{[%emt 00:02:17]} 22. Nc3 {[%clk 01:15:34]} {[%emt 00:01:36]} Bc6 {[%clk
00:29:35]} {[%emt 00:00:22]} 23. Rab1 {[%clk 01:11:52]} {[%emt 00:04:14]} g5
{[%clk 00:15:41]} {[%emt 00:14:23]} 24. Rd4 {[%clk 01:09:57]} {[%emt 00:02:25]}
Qe7 {[%clk 00:15:35]} {[%emt 00:00:36]} 25. Qc4 {[%clk 01:09:43]} {[%emt
00:00:45]} Bb7 {[%clk 00:11:47]} {[%emt 00:04:18]} 26. Rbd1 {[%clk 01:07:23]}
{[%emt 00:02:49]} gxf4 {[%clk 00:11:34]} {[%emt 00:00:43]} 27. Bxf4 {[%clk
01:07:50]} {[%emt 00:00:03]} Kg8 {[%clk 00:10:13]} {[%emt 00:01:51]} 28. g3
{[%clk 01:05:19]} {[%emt 00:03:01]} Bf8 {[%clk 00:09:45]} {[%emt 00:00:59]} 29.
Be3 {[%clk 01:05:13]} {[%emt 00:00:35]} Rc8 {[%clk 00:08:16]} {[%emt 00:01:59]}
30. Rd7 {[%clk 01:03:35]} {[%emt 00:02:08]} Qb4 {[%clk 00:06:14]} {[%emt
00:02:31]} 31. Qf1 {[%clk 01:04:01]} {[%emt 00:00:05]} Rh7 {[%clk 00:05:59]}
{[%emt 00:00:46]} 32. R1d4 {[%clk 00:55:39]} {[%emt 00:08:52]} Bc5 {[%clk
00:04:01]} {[%emt 00:02:28]} 33. Rd8+ {[%clk 00:55:44]} {[%emt 00:00:24]} Rxd8
{[%clk 00:04:25]} {[%emt 00:00:07]} 34. Rxd8+ {[%clk 00:56:11]} {[%emt
00:00:03]} Bf8 {[%clk 00:04:46]} {[%emt 00:00:09]} 35. Qb5 {[%clk 00:56:23]}
{[%emt 00:00:18]} Kg7 {[%clk 00:03:12]} {[%emt 00:02:04]} 36. Qxb4 {[%clk
00:55:08]} {[%emt 00:01:45]} Bxb4 {[%clk 00:03:34]} {[%emt 00:00:07]} 37. Nb5
{[%clk 00:55:35]} {[%emt 00:00:04]} Bc6 {[%clk 00:03:06]} {[%emt 00:00:55]} 38.
Nxa7 {[%clk 00:55:57]} {[%emt 00:00:11]} Be7 {[%clk 00:02:42]} {[%emt
00:00:51]} 39. Rc8 {[%clk 00:55:56]} {[%emt 00:00:33]} Bxa4 {[%clk 00:01:10]}
{[%emt 00:02:02]} 40. b3 {[%clk 00:56:08]} {[%emt 00:00:18]} 1-0

[Event "European Chess Club Cup 2023"]
[Site "Durres, Albania"]
[Date "2023.10.03"]
[Round "3.58"]
[White "Bellon Lopez, Juan Manuel"]
[Black "Razafindratsima, Timothe"]
[Result "1-0"]
[TimeControl "90' + 30' & 30\""]
[WhiteElo "2270"]
[BlackElo "2459"]

1. d4 {[%clk 01:30:55]} {[%emt 00:00:05]} Nf6 {[%clk 01:30:41]} {[%emt
00:00:20]} 2. Bg5 {[%clk 01:30:57]} {[%emt 00:00:27]} d5 {[%clk 01:30:58]}
{[%emt 00:00:12]} 3. Bxf6 {[%clk 01:31:03]} {[%emt 00:00:24]} exf6 {[%clk
01:31:18]} {[%emt 00:00:11]} 4. e3 {[%clk 01:30:37]} {[%emt 00:00:55]} Bd6
{[%clk 01:31:26]} {[%emt 00:00:23]} 5. c4 {[%clk 01:30:50]} {[%emt 00:00:17]}
dxc4 {[%clk 01:31:47]} {[%emt 00:00:09]} 6. Bxc4 {[%clk 01:31:09]} {[%emt
00:00:11]} Nd7 {[%clk 01:32:11]} {[%emt 00:00:05]} 7. Nc3 {[%clk 01:31:09]}
{[%emt 00:00:30]} f5 {[%clk 01:32:35]} {[%emt 00:00:08]} 8. Qc2 {[%clk
01:30:41]} {[%emt 00:00:57]} O-O {[%clk 01:32:36]} {[%emt 00:00:29]} 9. Bd3
{[%clk 01:30:46]} {[%emt 00:00:24]} g6 {[%clk 01:32:42]} {[%emt 00:00:24]} 10.
h4 {[%clk 01:31:12]} {[%emt 00:00:05]} Nf6 {[%clk 01:30:50]} {[%emt 00:02:21]}
11. O-O-O {[%clk 01:30:25]} {[%emt 00:01:17]} c6 {[%clk 01:30:53]} {[%emt
00:00:27]} 12. Nf3 {[%clk 01:24:31]} {[%emt 00:06:25]} Qa5 {[%clk 01:24:43]}
{[%emt 00:06:40]} 13. Nd2 {[%clk 01:24:16]} {[%emt 00:00:44]} b5 {[%clk
01:23:29]} {[%emt 00:01:44]} 14. Nb3 {[%clk 01:24:39]} {[%emt 00:00:07]} Qb6
{[%clk 01:23:56]} {[%emt 00:00:04]} 15. h5 {[%clk 01:25:06]} {[%emt 00:00:03]}
a5 {[%clk 01:22:23]} {[%emt 00:02:03]} 16. hxg6 {[%clk 01:25:31]} {[%emt
00:00:05]} fxg6 {[%clk 01:14:20]} {[%emt 00:08:32]} 17. e4 {[%clk 01:20:32]}
{[%emt 00:05:29]} a4 {[%clk 00:39:56]} {[%emt 00:34:55]} 18. Nd2 {[%clk
00:46:55]} {[%emt 00:34:06]} Qxd4 {[%clk 00:24:10]} {[%emt 00:16:17]} 19. exf5
{[%clk 00:45:51]} {[%emt 00:01:34]} gxf5 {[%clk 00:14:06]} {[%emt 00:10:33]} 20.
Bxf5 {[%clk 00:42:00]} {[%emt 00:04:21]} Bxf5 {[%clk 00:14:29]} {[%emt
00:00:07]} 21. Qxf5 {[%clk 00:42:25]} {[%emt 00:00:06]} Qg4 {[%clk 00:12:35]}
{[%emt 00:02:24]} 22. Qc2 {[%clk 00:34:37]} {[%emt 00:08:17]} a3 {[%clk
00:07:32]} {[%emt 00:05:34]} 23. Nce4 {[%clk 00:29:50]} {[%emt 00:05:16]} axb2+
{[%clk 00:06:22]} {[%emt 00:01:41]} 24. Kb1 {[%clk 00:30:08]} {[%emt 00:00:11]}
Nxe4 {[%clk 00:06:18]} {[%emt 00:00:35]} 25. Nxe4 {[%clk 00:30:14]} {[%emt
00:00:23]} Qe6 {[%clk 00:05:06]} {[%emt 00:01:42]} 26. Nc3 {[%clk 00:09:00]}
{[%emt 00:21:44]} Ra7 {[%clk 00:05:33]} {[%emt 00:00:03]} 27. Rhe1 {[%clk
00:06:28]} {[%emt 00:03:02]} Qc4 {[%clk 00:05:50]} {[%emt 00:00:13]} 28. Rxd6
{[%clk 00:05:52]} {[%emt 00:01:06]} b4 {[%clk 00:06:15]} {[%emt 00:00:06]} 29.
Qe4 {[%clk 00:05:08]} {[%emt 00:01:14]} Qxc3 {[%clk 00:02:00]} {[%emt
00:04:45]} 30. Rxc6 {[%clk 00:05:33]} {[%emt 00:00:04]} Qd2 {[%clk 00:01:49]}
{[%emt 00:00:41]} 31. Rc2 {[%clk 00:05:01]} {[%emt 00:01:01]} Qd6 {[%clk
00:01:14]} {[%emt 00:01:06]} 32. Rxb2 {[%clk 00:04:44]} {[%emt 00:00:48]} Rf4
{[%clk 00:00:54]} {[%emt 00:00:49]} 33. Qe6+ {[%clk 00:03:53]} {[%emt
00:01:20]} Qxe6 {[%clk 00:01:22]} {[%emt 00:00:03]} 34. Rxe6 {[%clk 00:04:22]}
{[%emt 00:00:02]} Rd7 {[%clk 00:00:58]} {[%emt 00:00:53]} 35. Rbe2 {[%clk
00:04:01]} {[%emt 00:00:50]} Rd1+ {[%clk 00:00:49]} {[%emt 00:00:40]} 36. Kb2
{[%clk 00:03:42]} {[%emt 00:00:47]} Rd7 {[%clk 00:00:42]} {[%emt 00:00:38]} 37.
f3 {[%clk 00:03:31]} {[%emt 00:00:41]} Rfd4 {[%clk 00:00:42]} {[%emt 00:00:31]}
38. Kb3 {[%clk 00:03:28]} {[%emt 00:00:33]} Rb7 {[%clk 00:00:33]} {[%emt
00:00:39]} 39. Re7 {[%clk 00:02:10]} {[%emt 00:01:48]} Rd3+ {[%clk 00:00:33]}
{[%emt 00:00:30]} 40. Kc2 {[%clk 00:02:33]} {[%emt 00:00:05]} Rc3+ {[%clk
00:00:34]} {[%emt 00:00:31]} 41. Kb2 {[%clk 00:02:59]} {[%emt 00:00:04]} Rxe7
{[%clk 00:28:00]} {[%emt 00:03:04]} 42. Rxe7 {[%clk 00:33:25]} {[%emt
00:00:05]} Rd3 {[%clk 00:28:24]} {[%emt 00:00:05]} 43. Re4 {[%clk 00:27:28]}
{[%emt 00:06:27]} Kf7 {[%clk 00:26:20]} {[%emt 00:02:33]} 44. Rxb4 {[%clk
00:27:32]} {[%emt 00:00:26]} Rd2+ {[%clk 00:26:45]} {[%emt 00:00:06]} 45. Kb3
{[%clk 00:27:52]} {[%emt 00:00:10]} Rxg2 {[%clk 00:27:12]} {[%emt 00:00:03]} 46.
a4 {[%clk 00:27:59]} {[%emt 00:00:23]} Rg3 {[%clk 00:16:55]} {[%emt 00:10:47]}
47. Rf4+ {[%clk 00:28:21]} {[%emt 00:00:07]} Ke6 {[%clk 00:17:20]} {[%emt
00:00:05]} 48. a5 {[%clk 00:22:59]} {[%emt 00:05:52]} Kd5 {[%clk 00:14:42]}
{[%emt 00:03:09]} 49. a6 {[%clk 00:21:34]} {[%emt 00:01:54]} Kc6 {[%clk
00:14:07]} {[%emt 00:01:05]} 50. Rf6+ {[%clk 00:18:57]} {[%emt 00:03:06]} Kc7
{[%clk 00:14:32]} {[%emt 00:00:06]} 51. Kc4 {[%clk 00:19:10]} {[%emt 00:00:18]}
Rh3 {[%clk 00:05:11]} {[%emt 00:09:51]} 52. Kd5 {[%clk 00:17:35]} {[%emt
00:02:04]} Rh1 {[%clk 00:05:09]} {[%emt 00:00:34]} 53. f4 {[%clk 00:16:34]}
{[%emt 00:01:29]} h5 {[%clk 00:05:27]} {[%emt 00:00:13]} 54. Rf7+ {[%clk
00:14:54]} {[%emt 00:02:10]} Kb8 {[%clk 00:05:52]} {[%emt 00:00:05]} 55. Rh7
{[%clk 00:09:14]} {[%emt 00:06:09]} h4 {[%clk 00:05:53]} {[%emt 00:00:30]} 56.
Ke4 {[%clk 00:08:52]} {[%emt 00:00:51]} Ka8 {[%clk 00:04:50]} {[%emt 00:01:33]}
57. Kf3 {[%clk 00:08:37]} {[%emt 00:00:45]} h3 {[%clk 00:03:40]} {[%emt
00:01:42]} 58. Kf2 {[%clk 00:08:05]} {[%emt 00:00:59]} h2 {[%clk 00:02:31]}
{[%emt 00:01:41]} 59. f5 {[%clk 00:07:09]} {[%emt 00:01:25]} Rg1 {[%clk
00:02:45]} {[%emt 00:00:16]} 60. Rxh2 {[%clk 00:07:23]} {[%emt 00:00:16]} Rg5
{[%clk 00:03:12]} {[%emt 00:00:03]} 61. Rh8+ {[%clk 00:07:41]} {[%emt
00:00:12]} Ka7 {[%clk 00:03:40]} {[%emt 00:00:03]} 62. Rf8 {[%clk 00:08:07]}
{[%emt 00:00:03]} Kxa6 {[%clk 00:04:07]} {[%emt 00:00:03]} 63. Kf3 {[%clk
00:08:28]} {[%emt 00:00:09]} Rg1 {[%clk 00:04:14]} {[%emt 00:00:23]} 64. Kf4
{[%clk 00:08:42]} {[%emt 00:00:16]} Kb7 {[%clk 00:04:37]} {[%emt 00:00:07]} 65.
Rd8 {[%clk 00:09:06]} {[%emt 00:00:05]} Kc7 {[%clk 00:05:04]} {[%emt 00:00:05]}
66. Rd3 {[%clk 00:09:28]} {[%emt 00:00:07]} 1-0